Incidencia de algunos factores en el sistema de tramos de carrera /
El estudio analiza el comportamiento de la variable académica en relación con factores de tipo psicoeducativo, sociocultural y sociodemográfico en estudiantes universitarios que realizaron un tramo de su carrera en una Sede Regional de la Universidad de Costa Rica y que sufrieron cambios en el rendi...
Bewaard in:
| Hoofdauteur: | |
|---|---|
| Andere auteurs: | , |
| Formaat: | Boek |
| Taal: | Spanish |
| Onderwerpen: | |
| Tags: |
Voeg label toe
Geen labels, Wees de eerste die dit record labelt!
|
MARC
| LEADER | 00000nam a22000007a 4500 | ||
|---|---|---|---|
| 003 | cru IIS | ||
| 005 | 20220711120153.0 | ||
| 007 | ta | ||
| 008 | 220711b |||||||| |||| 00| 0 spa d | ||
| 040 | |c cru IIS | ||
| 100 | 1 | |9 10561 |a Fournier Facio, Marco Vinicio |e Autor | |
| 245 | 1 | |a Incidencia de algunos factores en el sistema de tramos de carrera / |c Marco Vinicio Fournier Facio, María de los Ángeles Cubero, Blanca Balladares | |
| 300 | |a 36 páginas: |b tablas | ||
| 500 | |a Colección Centroamérica | ||
| 520 | |a El estudio analiza el comportamiento de la variable académica en relación con factores de tipo psicoeducativo, sociocultural y sociodemográfico en estudiantes universitarios que realizaron un tramo de su carrera en una Sede Regional de la Universidad de Costa Rica y que sufrieron cambios en el rendimiento académico al trasladarse de Sede. Así, el objetivo del estudio es observar y analizar las repercusiones que el traslado de sede puede tener en algunos aspectos de la vida estudiantil, tales como el rendimiento académico y la adaptación. LOB/mb | ||
| 650 | 7 | |9 9403 |a MUESTREO | |
| 650 | 0 | |9 2776 |a RENDIMIENTO DE LA EDUCACIÓN | |
| 650 | 0 | |9 632 |a ASPECTOS SOCIALES | |
| 650 | 0 | |9 4355 |a ASPECTOS ECONOMICOS | |
| 650 | 0 | |9 1426 |a ASPECTOS PSICOLOGICOS | |
| 650 | 0 | |9 2441 |a SALUD MENTAL | |
| 650 | 0 | |9 634 |a ASPECTOS EDUCATIVOS | |
| 651 | 0 | |9 32 |a COSTA RICA | |
| 700 | 1 | |9 10562 |a Cubero, María de los Ángeles |e Autora | |
| 700 | 1 | |9 10563 |a Balladares, Blanca |e Autora | |
| 773 | 0 | |0 18811 |9 3235 |a Universidad de Costa Rica. Instituto de Investigaciones en Psicología |d San José, C.R.: Editorial de la UCR |o 04720 |t Actualidades en Psicología / | |
| 942 | |2 ddc |c PP | ||
| 999 | |c 44378 |d 44378 | ||
